=LDR 00000nam 2200000 4500 =001 INLIS000000000014315 =990 ##$$a 30501330 =990 ##$$a 30501329 =005 20200429010036 =990 ##$$a DW00011257 =990 ##$$a DW00011257 =035 ##$$a 0010-061300000014315 =990 ##$$a DW00011258 =990 ##$$a DW00011258 =008 200429################g##########0#ind## =990 ##$$a DW00011259 =990 ##$$a DW00011259 =041 ##$$a ind =990 ##$$a 30501330 =990 ##$$a 30501329 =082 ##$$a 2X0.32 =990 ##$$a 30501332 =990 ##$$a 30501332 =090 ##$$a 297.51, Kha i =100 #$$a Khan, Maulana wahiduddin =245 1#$$a Islam anti kekerasan /$c Maulana Wahiduddin Khan ; penerjemah, Samson Rahman =260 ##$$a Jakarta :$b Pustaka Al-Kausar,$c 2000 =300 ##$$a 180 hlm. ; $c 20 x 13 cm. =650 #4$$a Islam-Politik =850 ##$$a NBPNMAT =020 ##$$a 979-592-124-X =084 ##$$a 2X0.32 WAH i =250 ##$$a cet. 1 =700 #$$a Samson Rahman =990 ##$$a DW00011257 =990 ##$$a DW00011258 =990 ##$$a DW00011259 =990 ##$$a 30501329 =990 ##$$a 30501330 =990 ##$$a 30501332